| 000 | 00759nam a2200217 4500 | ||
|---|---|---|---|
| 001 | 139385 | ||
| 003 | ES-MaACL | ||
| 005 | 20250804072416.0 | ||
| 007 | t| | ||
| 008 | 070214s1982 sp r ||||1| spa d | ||
| 100 | 1 |
_aSartre, Jean-Paul, _d1905-1980 _9103897 |
|
| 245 | 1 | 4 |
_aLas palabras / _cJean-Paul Sartre ; traducción de Manuel Lamana ; revisión de Miguel Salabert. |
| 260 |
_aMadrid : _bAlianza, _c1982. |
||
| 300 |
_a171 p. ; _c18 cm. |
||
| 490 | 1 |
_aEl libro de bolsillo alianza editorial. Sección : literatura ; _v905 |
|
| 700 | 1 |
_aLamana, Manuel. _969761 |
|
| 700 | 1 |
_aSalabert, Miguel. _9101686 |
|
| 830 | 0 | 3 |
_aEl libro de bolsillo. _pLiteratura _v905 _9180913 |
| 852 |
_aES-MaACL _jL-3018 _bR.103959 |
||
| 999 |
_c139385 _d139385 |
||